[Event "SVM-ch"]
[Site "Kerpen"]
[Date "1998.05.21"]
[Round "4"]
[White "Olbricht, Wolfgang"]
[Black "Hund, Gerhard"]
[Result "1-0"]
[WhiteElo "1914"]
[BlackElo "2032"]
[PlyCount "145"]
[EventDate "1998.05.??"]
[EventType "swiss"]
[EventRounds "7"]
[EventCountry "GER"]
[SourceTitle "EXT 2004"]
[Source "ChessBase"]
[SourceDate "2003.11.25"]
[SourceVersion "1"]
[SourceVersionDate "2003.11.25"]
[SourceQuality "1"]

1. d4 Nf6 2. c4 e6 3. Nf3 d5 4. Nc3 c6 5. Bg5 Nbd7 6. cxd5 exd5 7. e3 Bd6 8. Bd3 h6 9. Bh4 0-0 10. 0-0 Re8 11. a3 g5 12. Bg3 Bxg3 13. hxg3 Qe7 14. Bf5 Nb6 15. Bxc8 Raxc8 16. Ne5 Qe6 17. Re1 Kg7 18. f3 Rcd8 19. Na4 Nbd7 20. Nxd7 Nxd7 21. Nc5 Nxc5 22. dxc5 Qe5 23. Qd4 f6 24. Qxe5 fxe5 25. Rad1 h5 26. Rd3 Rd7 27. Red1 Kf6 28. Kf2 e4 29. Rd4 Rde7 30. f4 Kf5 31. Ra4 a6 32. Rad4 Kg4 33. Rh1 Rf8 34. Rh3 Rh7 35. Ke2 h4 36. fxg5 Kxg5 37. Rxh4 Rxh4 38. gxh4+ Kxh4 39. Rd1 Kg3 40. Rf1 Rb8 41. Rf6 Kxg2 42. Rg6+ Kh3 43. Kd2 Kh4 44. Kc3 Kh5 45. Rg7 Kh6 46. Rc7 Kg6 47. b4 Kf5 48. Kd4 Ke6 49. a4 Rf8 50. Rxb7 Rf1 51. Rc7 Rd1+ 52. Kc3 Rd3+ 53. Kc2 Rxe3 54. Rxc6+ Ke5 55. b5 axb5 56. axb5 Kd4 57. b6 Rc3+ 58. Kb2 Kc4 59. Re6 Rb3+ 60. Kc2 Rc3+ 61. Kb2 Rg3 62. c6 Rg2+ 63. Kc1 Kc3 64. Kd1 Kd3 65. Ke1 e3 66. Kf1 Rf2+ 67. Kg1 Rf8 68. c7 Rg8+ 69. Kh2 e2 70. b7 Rh8+ 71. Kg3 Rg8+ 72. Kf4 Rf8+ 73. Kg5 1-0

[Event "SVM-ch"]
[Site "Eikamp"]
[Date "1997.??.??"]
[Round "?"]
[White "Olbricht, Wolfgang"]
[Black "Stoy, Ulf"]
[Result "1/2-1/2"]
[WhiteElo "2076"]
[BlackElo "2012"]
[PlyCount "90"]
[EventDate "1997.05.??"]
[EventType "swiss"]
[EventRounds "7"]
[EventCountry "GER"]
[SourceTitle "EXT 2006"]
[Source "ChessBase"]
[SourceDate "2005.11.24"]
[SourceVersion "1"]
[SourceVersionDate "2005.11.24"]
[SourceQuality "1"]

1. d4 d6 2. c4 Nf6 3. Nc3 g6 4. e4 Bg7 5. Be2 c5 6. d5 0-0 7. Bg5 b5 8. cxb5 a6 9. a4 Qa5 10. Bd2 Qb4 11. Qc2 axb5 12. Bxb5 Ba6 13. Bxa6 Nxa6 14. f3 Nd7 15. Nge2 Rfb8 16. Nd1 Qb3 17. Qxb3 Rxb3 18. Bc3 Bxc3+ 19. Nexc3 Ne5 20. 0-0 Nd3 21. Rb1 c4 22. Ne3 Nxb2 23. Nxc4 Rxc3 24. Nxb2 Nc5 25. Ra1 Ra5 26. Rfd1 Rc2 27. Nd3 Rxa4 28. Rxa4 Nxa4 29. Nb4 Rb2 30. Nc6 Nc3 31. Ra1 e6 32. dxe6 fxe6 33. Nd4 Ne2+ 34. Nxe2 Rxe2 35. Rd1 d5 36. exd5 exd5 37. Rxd5 Kg7 38. Rd6 Ra2 39. h3 Rc2 40. Kh2 Ra2 41. Kg3 h5 42. h4 Re2 43. Kh3 Rf2 44. Rb6 Kf7 45. Rb3 Kf6 1/2-1/2